000
00316 a2200169 4500
001
183221
020
_a
040
_c
Magnum
100
_a
-
240
1
0
_a
Palavra viva
_l
por
245
1
0
_a
Palavra viva
300
_a
141
362
0
_a
1988
440
1
_a
Positivo
697
_a
LITERATURA GERAL
942
_c
BK
999
_c
183221
_d
183221